[Event "Petrov Memorial op"]
[Site "St Petersburg"]
[Date "1996.??.??"]
[Round "4"]
[White "Aleksandrov, Aleksej"]
[Black "Kochyev, Alexander"]
[Result "1-0"]
[WhiteElo "2535"]
[BlackElo "2430"]
[Annotator "Dautov,R"]
[PlyCount "71"]
[EventDate "1996.02.??"]
[EventType "swiss"]
[EventRounds "9"]
[EventCountry "RUS"]
[SourceTitle "CBM 052"]
[Source "ChessBase"]
[SourceDate "1996.06.01"]
[SourceVersion "1"]
[SourceVersionDate "1996.06.01"]
[SourceQuality "1"]

1. d4 Nf6 2. c4 e6 3. Nc3 Bb4 4. e3 b6 5. Bd3 Bb7 6. Nge2 Bxg2 7. Rg1 Be4 (7...
Bf3 $5) 8. a3 Bxc3+ (8... Bxd3 9. Qxd3 Bf8 10. e4 d6 11. Be3 c5 12. O-O-O Nc6
13. f4 cxd4 14. Nxd4 Nxd4 15. Bxd4 g6 16. Nb5 $36 {Purgin,N-Poluljahov,A/St.
Petersburg op 1993}) 9. Nxc3 Bg6 $6 (9... Bxd3 {>=} 10. Qxd3 Nh5 11. e4 Nc6 12.
Be3 d6 13. O-O-O Ne7 14. c5 g6 15. cxd6 cxd6 16. Kb1 d5 17. f3 Qd7 18. Ne2 f5
19. e5 h6 20. h4 Kf7 21. Qd2 $44 {Dzindzichashvili,R-De Firmian,N/New York
CITS (10) ;CBM 52 1996}) 10. e4 d6 (10... d5 $2 11. Bg5 dxe4 12. Bxe4 c6 13.
Qf3 O-O 14. O-O-O Nbd7 15. Bxc6 Rc8 16. Bxd7 Qxd7 17. Bxf6 gxf6 18. h4 h5 19.
Qxh5 Rxc4 20. Rd3 Rfc8 21. Qh6 Qd6 22. h5 $18 {Petrosian,K-Grathwohl,R/2.BL
9495}) 11. Bg5 e5 (11... Nbd7 12. f4 Bh5 13. Be2 Bxe2 14. Qxe2 $36) 12. Bc2 {N}
(12. f4 $1 exf4 13. Nd5 c6 14. Nxf4 (14. Nxf6+ gxf6 15. Bxf4 $44 {Zsinka-Muse/
Budapest/1986}) 14... Nbd7 15. Qf3 Qc7 16. O-O-O O-O-O 17. h4 Rde8 18. Rde1 h6
19. Bxf6 gxf6 20. Nxg6 fxg6 21. Rxg6 c5 22. e5 $16 {Martynov-Bator/Slupsk 1989}
) 12... Nbd7 (12... O-O 13. Nd5 exd4 (13... Nbd7 14. Ba4 h6 15. Bh4 Bh5 16.
Bxd7 Bxd1 17. Bxf6 $18) (13... Nc6 14. dxe5 dxe5 15. h4 $16) 14. Bxf6 gxf6 15.
h4 (15. Qxd4 Nd7 16. f4 Kh8 17. O-O-O $40) 15... c6 16. Nf4 $16) 13. Ba4 Rc8 {
/\c6} 14. Bc6 $1 h6 15. Bh4 Kf8 $1 (15... O-O $2 16. Nd5 $16) 16. Nd5 exd4 17.
Nxf6 (17. Bxd7 Qxd7 18. Nxf6 gxf6 19. Bxf6 Rg8 20. Qxd4 Qh3 21. O-O-O Re8 $132)
(17. Qxd4 $4 Ne5 $19) 17... Nxf6 18. Qxd4 Qe7 $1 (18... Kg8 19. f4 Kh7 20.
O-O-O $16 {->}) 19. O-O-O (19. f4 $2 Bxe4 20. Bxf6 gxf6 21. Bxe4 Re8 $17) (19.
f3 Bh5 (19... Qe5 20. Qxe5 dxe5 21. Bg3 $16) 20. f4 Qe6 $13) 19... Qe5 $8 20.
Qxe5 dxe5 21. f3 (21. Bxf6 $5 gxf6 22. Rd7 f5 (22... Kg7 23. Bb7 Rcd8 24. Rxc7
$16) 23. f3 $14 {/\Bb7}) 21... Bh5 22. Rd3 {/\Bg3} Ne8 23. Be1 Nd6 24. Bb4 a5
$1 (24... Rd8 25. c5 bxc5 26. Bxc5 a6 27. f4 $16) (24... g5 25. c5 bxc5 26.
Bxc5 a5 27. f4 $3 f6 (27... gxf4 $2 28. Rxd6 cxd6 29. Bxd6#) (27... exf4 28. e5
$16) 28. fxe5 fxe5 29. Rd5 $16) 25. Bc3 (25. Bxd6+ $2 cxd6 26. Rxd6 Ke7 (26...
Bxf3 27. Bd5 $44) 27. Rgd1 Rhd8 $15) 25... f6 26. c5 $1 bxc5 27. f4 $6 (27.
Bxa5 c4 (27... g5 28. Bd7 Rd8 $2 29. Rxd6 Ke7 30. Bg4 $18) (27... Be8 28. Bxe8
Nxe8 29. Rd7 $14) 28. Rc3 g5 29. Bd7 Rd8 30. Be6 Rh7 31. Bb4 $14) 27... Be8 (
27... exf4 $1 28. e5 Be2 29. Rh3 (29. Rd2 f3 $17) 29... Ne8 $17) 28. Bd5 exf4
29. e5 fxe5 30. Bxe5 Rh7 31. Bxf4 Bh5 $2 (31... g5 32. Be5 Re7 33. Rf1+ Nf7 $15
) 32. Rf1 $16 Ke7 $2 (32... Nf7 33. Be3 Re8 34. Bxc5+ Kg8 35. Bc4 $16) 33. Re3+
$18 Kd8 34. Bxd6 cxd6 35. Rf8+ Kc7 36. Re7+ 1-0

[Event "Sitges Sunway op 3rd"]
[Site "Sitges"]
[Date "2016.12.19"]
[Round "5"]
[White "Lauber, Arnd"]
[Black "Edouard, Romain"]
[Result "0-1"]
[WhiteElo "2421"]
[BlackElo "2611"]
[Annotator "Edouard,R"]
[PlyCount "92"]
[EventDate "2016.12.16"]
[EventType "swiss"]
[EventRounds "9"]
[EventCountry "ESP"]
[SourceTitle "CBM 176"]
[Source "ChessBase"]
[SourceDate "2017.01.17"]
[SourceVersion "1"]
[SourceVersionDate "2017.01.17"]
[SourceQuality "1"]

1. d4 Nf6 2. c4 e6 3. Nc3 Bb4 4. e3 O-O 5. Bd3 c5 6. Nf3 b6 7. O-O Bb7 8. Na4
d6 $5 {An interesting line, that GMs Yannick Gozzoli and Adrien Demuth
suggested me a couple of months before during the Baku Olympiad. Black keeps
the tension and get a perfect position besides a misplaced bishop on a5.
However, White cannot trap it and also has a useless knight on a4, that will
be exchanged whenever it goes back to c3.} 9. a3 Ba5 10. Rb1 Na6 11. b3 $5 {
Perhaps the best move.} (11. Ne1 {with the idea Nc2 looks logical, but Black
does not even need to give up the bishop pair, as Nc2 will be faced by ...Qd7.
Black's bishop still not in trouble.}) 11... Ne4 12. Bb2 $6 ({The critical
move is definitely} 12. d5 {after which the game is unclear and very
complicated, for example:} f5 13. b4 $1 (13. dxe6 Qe7 $132) 13... cxb4 14. axb4
Nxb4 15. Bxe4 fxe4 16. Nd4 {and now the following sequence, given by the
engine, may just lead to equality:} exd5 17. Bd2 Nc6 18. Ne6 Qf6 19. Nxf8 Rxf8
20. cxd5 Ba6 $1 21. dxc6 Bxf1 22. Qb3+ Qf7 23. Qxf7+ Kxf7 24. Bxa5 Bd3 25. Rb2
bxa5 26. Rb7+ Ke6 27. Rxa7 Kd5 $11) 12... f5 13. d5 {Compared to 12.d5 Black
got an amazing improvement!} (13. Qe2 Qe8 $132) 13... Qe8 (13... exd5 $1 14.
cxd5 Qd7 $1 {was stronger:} 15. Ba1 (15. Qe2 Nc7 $17) 15... Rae8 $1 (15... b5
16. b4 $1 cxb4 17. Qe2 $1 {is tricky.}) 16. Qe2 Nc7 $17 {Black will eventually
play ...b5 in a much better version than the game.}) 14. Ba1 ({During the game
I was mostly calculating} 14. b4 {but it seems the complications are in
Black's favour:} cxb4 15. Nd4 (15. axb4 Bxb4 16. Nd4 exd5 17. cxd5 Nc7 18. Nc6
Bc5 $15) 15... bxa3 16. Bxa3 exd5 17. cxd5 Nac5 18. Nxc5 (18. Bb5 $6 Qg6 $17)
18... dxc5 19. Ne6 Bxd5 20. Nxf8 Nc3 21. Qc2 Nxb1 22. Rxb1 Qxf8 23. Bxf5 g6 $17
) 14... exd5 15. cxd5 (15. Qe2 $6 Nc7 $17) 15... b5 16. Qe2 Nc7 17. b4 bxa4 18.
bxa5 Bxd5 19. Bc4 {Black has an extra pawn, but White always has counterplay.
During the game I could not figure out a really good way to carry on, and I
still cannot find one now!} Qf7 (19... Bxc4 20. Qxc4+ d5 (20... Qf7 21. Qc2
Rab8 22. Qxa4 $132) 21. Qc2 c4 22. Rb7 $132) 20. Bxd5 Nxd5 21. Qc2 Rae8 (21...
Rab8 22. Nd2 $132) 22. Nd2 Ndf6 {A sad move, but I could not find any better
one!} 23. a6 (23. Bxf6 {is just equal.}) 23... Qd5 24. Nc4 $5 {At this moment
I was no longer sure who was playing for a win, but probably both!} (24. Nxe4
Qxe4 25. Qd2 Qc6 26. Bxf6 (26. Rb7 Qxa6 27. Qd5+ $3 Kh8 28. Bxf6 {leads to the
game.}) 26... Rxf6 27. Rb7 Qxa6 28. Qd5+ Kh8 29. Rfb1 $44) 24... Qe6 25. f3 $5
Ng5 26. Rfd1 $6 {After this move Black gets the more pleasant position.} (26.
Rfe1 Nf7 27. Bxf6 Qxf6 28. Qd3 $44) 26... d5 27. Ne5 Rc8 (27... c4 28. Qxa4 (
28. Bd4 $6 Qxa6 29. Qxf5 Ne6 $15) 28... Nf7 29. Nxf7 Qxe3+ 30. Kh1 Rxf7 31. Bd4
$44) 28. Qxa4 (28. Rb7 Nf7 29. Nxf7 Rxf7 30. Bxf6 gxf6 (30... Qxe3+ 31. Qf2
Qxf2+ 32. Kxf2 Rxf6 33. Rxd5 Rxa6 34. Rxf5 $11) 31. Qd3 $11) 28... Nf7 29. Nxf7
Rxf7 $1 (29... Qxe3+ 30. Kh1 Rxf7 31. Bxf6 gxf6 32. Rxd5 $11) 30. Kh1 Nd7 $1
31. Rb7 Nb6 32. Qf4 Re8 33. Rb1 $2 (33. h3 $1 {was required, and after} Qxe3
34. Qd6 {I believe Black's position is too fragile to win.}) 33... Qxe3 34.
Qxe3 Rxe3 35. Rb8+ $2 (35. Kg1 Re8 $5 $17 (35... d4 {may not win:} 36. Rb8+ Rf8
37. Rb7 Rfe8 38. Rxa7 Re1+ 39. Rxe1 Rxe1+ 40. Kf2 Rxa1 41. Rb7 Na8 42. Rb8+ Kf7
43. Rxa8 Rxa3 44. a7 {followed by Rc8 was White should hold this endgame.}))
35... Rf8 36. Rb7 Rfe8 $1 37. Rxg7+ (37. Rg1 R8e7 $19) 37... Kf8 38. Rf1 $2 {
A blunder in time trouble.} (38. Rg1 R8e7 $1 $19 (38... Re1 $2 39. Rxa7 Rxg1+
40. Kxg1 Re1+ 41. Kf2 Rxa1 42. Rb7 $11)) 38... Re1 39. Kg1 Rxa1 40. Rxa7 Rxf1+
41. Kxf1 Re7 42. Rb7 Rxb7 43. axb7 Nd7 44. g4 fxg4 45. fxg4 Ke7 46. a4 Kd6 0-1

[Event "Leiden op-A 9th"]
[Site "Leiden"]
[Date "2015.07.25"]
[Round "8"]
[White "Chatalbashev, Boris"]
[Black "Howell, David"]
[Result "0-1"]
[WhiteElo "2516"]
[BlackElo "2698"]
[Annotator "Fischer,J"]
[PlyCount "62"]
[EventDate "2015.07.17"]
[EventType "swiss"]
[EventRounds "9"]
[EventCountry "NED"]
[SourceTitle "CBM 167 Extra"]
[Source "ChessBase"]
[SourceDate "2015.09.14"]
[SourceVersion "1"]
[SourceVersionDate "2015.09.14"]
[SourceQuality "1"]

1. d4 Nf6 2. c4 e6 3. Nc3 Bb4 4. Nf3 b6 5. e3 Ne4 6. Qc2 Bb7 7. Bd3 f5 8. O-O
Bxc3 9. bxc3 O-O 10. Nd2 Qh4 11. f3 Nxd2 12. Bxd2 d6 13. Rae1 Nd7 14. e4 f4 15.
Qa4 Qe7 16. g3 {A new attempt in a well-known variation that soon leads to a
curious and rarely seen pawn formation.} g5 17. h4 gxh4 18. gxf4 Kh8 19. Kf2 h3
20. Ke2 Rg8 21. Rh1 Rg3 22. Be3 Nf6 23. Bf2 $6 {This attempt to drive out the
black rook backfires.} ({Komodo recommends} 23. d5 {with an equal position.})
23... Nh5 $1 24. Bxg3 Nxg3+ 25. Ke3 Qh4 $1 {Black refrains from winning back
the exchange immediately and prefers to increase the pressure. The main threat
is ...Rf8.} 26. Qb5 {Hopes to transfer the queen to the kingside, but...} e5 $1
{Black prevents such ideas and now has a winning position.} 27. Qd7 ({After} 
27. dxe5 Rf8 {Black is winning, e.g.} 28. Be2 Qxf4+ 29. Kd3 Nxe2 30. Rxe2 Qxf3+
) 27... Qxf4+ 28. Kf2 Qd2+ $1 29. Be2 ({After} 29. Kxg3 Rg8+ {White has to
give his queen to avoid mate.}) 29... Nxe4+ 30. fxe4 Rf8+ 31. Kg3 Bc8 $1 0-1

[Event "Interzonal-14b"]
[Site "Szirak"]
[Date "1987.??.??"]
[Round "16"]
[White "Milos, Gilberto"]
[Black "Andersson, Ulf"]
[Result "0-1"]
[WhiteElo "2495"]
[BlackElo "2600"]
[Annotator "Ftacnik,L"]
[PlyCount "82"]
[EventDate "1987.07.??"]
[EventType "tourn"]
[EventRounds "17"]
[EventCountry "HUN"]
[EventCategory "12"]
[SourceTitle "CBM 003"]
[Source "ChessBase"]
[SourceDate "1988.04.01"]
[SourceVersion "1"]
[SourceVersionDate "1988.04.01"]
[SourceQuality "1"]

1. d4 Nf6 2. c4 e6 3. Nc3 Bb4 4. e3 b6 5. Bd3 Bb7 6. Nf3 O-O (6... Ne4 $5 7.
Qc2 Bxc3+ 8. bxc3 f5 $13) 7. O-O Bxc3 8. bxc3 Be4 9. Ng5 $5 (9. Qc2) (9. c5 $5)
9... Bxd3 10. Qxd3 h6 11. Nh3 d6 {><c4} (11... d5 $2 12. f3 $16) 12. e4 Nbd7
13. f3 $2 (13. f4 e5 14. Bd2 $14) 13... Qc8 $1 {>< c4} 14. g4 $2 (14. f4) (14.
Nf2) 14... Qa6 $17 15. Bf4 (15. g5 hxg5 16. Nxg5 Nh7 $17) 15... d5 $1 16. Nf2
dxe4 17. fxe4 e5 $1 18. Bg3 (18. dxe5 Nc5 {/\ Nfd7-/+}) 18... Rfe8 19. Rfe1 Re6
20. Rab1 Rae8 (20... Rc6 21. c5) 21. Re2 Qb7 22. Rbe1 Rc6 23. c5 $6 (23. d5 Rd6
{/\ Nc5, Qa6-/+}) 23... bxc5 24. d5 Rb6 25. h4 $6 Qc8 $1 {>< g4} 26. Qf3 c4 $1
27. Kh1 Nc5 28. Rg1 Nh7 29. Qe3 Nd3 30. Nxd3 cxd3 31. Reg2 Rg6 32. Be1 Qa6 $1
$19 {/\ Rb8} 33. g5 $2 hxg5 34. hxg5 Rxg5 $1 35. Qh3 (35. Rxg5 Qh6+) 35... Qg6
36. Rg4 Rb8 37. Bd2 Rxg4 38. Rxg4 Qf6 39. Qxd3 Rb2 40. Rg2 Qh4+ 41. Kg1 Nf6 0-1

[Event "Interzonal-16"]
[Site "Biel"]
[Date "1993.??.??"]
[Round "10"]
[White "Gelfand, Boris"]
[Black "Adams, Michael"]
[Result "1/2-1/2"]
[WhiteElo "2670"]
[BlackElo "2630"]
[Annotator "Ftacnik,L"]
[PlyCount "88"]
[EventDate "1993.07.16"]
[EventType "swiss"]
[EventRounds "13"]
[EventCountry "SUI"]
[SourceTitle "CBM 037"]
[Source "ChessBase"]
[SourceDate "1993.12.01"]
[SourceVersion "1"]
[SourceVersionDate "1993.12.01"]
[SourceQuality "1"]

1. d4 Nf6 2. c4 e6 3. Nc3 Bb4 4. e3 b6 5. Bd3 Bb7 6. Nf3 O-O 7. O-O Bxc3 8.
bxc3 c5 9. Nd2 Nc6 10. Nb3 a5 $5 11. a4 (11. dxc5 a4 12. Nd4 bxc5 13. Nb5 Ne5
$10) 11... d6 12. f3 Rc8 13. Ba3 (13. e4 cxd4 14. cxd4 Nb4 {xc4}) 13... e5 14.
d5 Ne7 15. Nd2 Ne8 16. e4 Rb8 17. Qc2 Bc8 18. Rae1 Ng6 $2 (18... f5 19. exf5
Bxf5 20. Ne4 Qd7 (20... Nf6 21. Nxc5 $1) 21. f4 Ng6 (21... Bxe4 22. Bxe4 Nf6
$132) 22. fxe5 Nxe5 23. Nf6+ Nxf6 24. Bxf5 Qc7 $13) 19. g3 Bh3 20. Rf2 Qc8 21.
Bc1 Rb7 (21... f5 22. exf5 Bxf5 23. Ne4 $16) 22. Kh1 Re7 23. Qb1 Qd8 (23... Rb7
24. f4 exf4 25. gxf4 Nf6 $14) 24. Nf1 Bd7 25. Bc2 (25. Rb2 Bxa4 26. Rxb6 $14)
25... Bc8 26. Bg5 (26. Ne3) 26... f6 27. Bd2 Ref7 28. Ne3 Ne7 29. f4 $2 f5 30.
fxe5 dxe5 31. exf5 Nd6 32. Ref1 (32. g4 g6 (32... Ba6 $13) 33. Ref1 gxf5 34.
gxf5 Kh8 $13) 32... Ba6 33. f6 (33. Bd3 Nxc4 $1) (33. Qb3 Nxc4 $1) 33... gxf6
34. Ng4 Nxc4 (34... Bxc4 35. Nh6+ Kg7 36. Nxf7 Rxf7 37. Re1 Bxd5+ 38. Kg1 $13)
35. Bc1 (35. Nh6+ Kg7 36. Bc1 (36. Nxf7 Qxd5+ 37. Be4 Nxd2 38. Bxd5 Nxb1 39.
Rxb1 Nxd5 $17) 36... Na3 $1 (36... Bb7 37. Be4 $14) 37. Bxa3 (37. Nxf7 Qxd5+
38. Be4 Nxb1 39. Bxd5 Nxd5 40. Bh6+ Kxf7 41. Rxb1 Rg8 $17) 37... Kxh6 38. Rd1
$13) 35... Kh8 36. Nh6 Rg7 37. Rxf6 Rxf6 38. Rxf6 Bb7 (38... Nxd5 39. Rf7 (39.
Rf3 Nxc3 40. Rxc3 (40. Qb3 Bb7 41. Qxc3 Qd4) 40... Bb7+ 41. Be4 Qd1+ 42. Kg2
Qe2+) (39. Nf7+ Rxf7 40. Rxf7 Nxc3 41. Rxh7+ Kg8 42. Qa1 (42. Bh6 Qd5+ 43. Kg1
Qd4+ 44. Kh1 Nxb1 45. Rg7+ Kf8 46. Rd7+ Ke8) 42... Qd5+ 43. Kg1 Qf3) 39... Nxc3
40. Bg5 $5 Qd5+ (40... Qa8+ 41. Kg1 Nxb1 (41... Ne3 42. Be4 Nxb1 (42... Nxe4
43. Qxe4 $1) 43. Bxa8 Rxf7 44. Nxf7+ Kg7 45. Nxe5 $13) 42. Bf6) 41. Be4 Qxf7 (
41... Rxf7 42. Bxd5 Nxb1 43. Nxf7+ Kg7) 42. Nxf7+ Rxf7 43. Qd3 Nxe4 $19) 39.
Be4 Nxd5 40. Rf3 (40. Nf7+ Rxf7 41. Rxf7 Nxc3 42. Rxh7+ Kg8 $19) 40... Nd6 (
40... Nxc3 41. Qd3 $1 (41. Rxc3 Qd1+ 42. Kg2 Qe2+) 41... Rd7 42. Nf7+) 41. Kg1
Nxe4 (41... Nxc3 42. Qxb6 Rxg3+ 43. Rxg3 Ne2+ 44. Kf2 Nxe4+ 45. Ke1 $18) 42.
Qxe4 Nf4 (42... Nf6 43. Rd3) (42... Nxc3 43. Qxe5 Qd1+ 44. Rf1 Ne2+ 45. Qxe2 $1
Qxe2 46. Rf8+) 43. Nf7+ $1 Rxf7 44. Qxe5+ Kg8 (44... Kg8 45. Rxf4 Qd1+ 46. Kf2
Qc2+ 47. Qe2 $10) 1/2-1/2

[Event "Madrid"]
[Site "Madrid"]
[Date "1993.??.??"]
[Round "9"]
[White "Lautier, Joel"]
[Black "Anand, Viswanathan"]
[Result "0-1"]
[WhiteElo "2645"]
[BlackElo "2710"]
[Annotator "Ftacnik,L"]
[PlyCount "76"]
[EventDate "1993.06.??"]
[EventType "tourn"]
[EventRounds "9"]
[EventCountry "ESP"]
[EventCategory "14"]
[SourceTitle "CBM 036"]
[Source "ChessBase"]
[SourceDate "1993.10.01"]
[SourceVersion "1"]
[SourceVersionDate "1993.10.01"]
[SourceQuality "1"]

1. Nf3 Nf6 2. c4 e6 3. Nc3 Bb4 4. d4 b6 5. e3 Ne4 6. Qc2 Bb7 7. Bd3 Bxc3+ 8.
bxc3 f5 9. O-O O-O 10. Nd2 Qh4 11. f3 Ng5 (11... Nxd2 12. Bxd2 Nc6 13. e4 (13.
g3 Qh3 14. e4 fxe4 15. Bxe4 Na5 16. Bxb7 Nxb7 17. Bf4 Nd6 18. Qa4 Rf7 19. Rae1
Qf5 20. Re3 Qg6 21. Bxd6 cxd6 22. Qa3 Qg5 23. f4 Qe7 24. h4 $14 {Petran-Toth/
Budapest/1968/1-0 (57)}) (13. Rab1 d5 (13... Ba6 14. Qa4 Bb7 15. Qc2 Rad8 16.
c5 d6 17. cxd6 cxd6 18. Qb3 Rf6 19. e4 fxe4 20. fxe4 Rdf8 21. Rxf6 Rxf6 22. Rf1
Rxf1+ 23. Kxf1 Kf7 24. Kg1 $13 {Hoi-Olafsson,H/Randers zt/1982/0.5 (49)}) 14.
e4 fxe4 15. fxe4 dxe4 16. Bxe4 Na5 17. Bxb7 Nxb7 18. Rfe1 Rae8 19. Re4 Qd8 20.
Rbe1 Qd7 21. Rh4 g6 22. Rg4 Rf5 23. h4 Qf7 24. Rge4 $13 {Vladimirov,E-Kengis,E/
Pavlodar/1987/0.5 (43)}) 13... fxe4 14. fxe4 e5 15. c5 exd4 16. Qb3+ Kh8 17.
Qd5 dxc3 18. Bxc3 Qe7 19. cxb6 axb6 20. Rab1 d6 21. Rf5 Rab8 22. Rbf1 Rxf5 23.
exf5 $19 {McMahon,D-Emms,J/London LB (07)/1991/0-1 (23)}) 12. d5 (12. f4 Qg4
13. d5 Nf7 14. Ba3 d6 15. e4 exd5 16. cxd5 Nd7 17. c4 fxe4 18. Bxe4 Nf6 19. Bf5
Qh5 20. Bb2 Rae8 21. Be6 Bc8 22. Rae1 Bxe6 23. dxe6 Nh6 24. f5 $16 {Ivanov,
S-Frolov,A/Uzhgorod/1988/0.5 (61)}) 12... Nf7 13. f4 (13. Ba3 Re8 14. Rae1 Ne5)
13... Na6 14. Ba3 Rfe8 15. Rae1 c5 (15... Nc5 16. Bxc5 bxc5 17. Nb3 d6 18. dxe6
$16) 16. e4 (16. dxc6 Bxc6 $13) 16... Nc7 (16... fxe4 17. Bxe4 exd5 18. cxd5
Nc7 19. Nf3 Qh5 20. c4 $16) 17. Nf3 (17. dxe6 Nxe6 18. g3 Qh3 19. Re2 fxe4 20.
Bxe4 Nd6 $14) 17... Qh5 (17... Qxf4 18. dxe6 Nxe6 19. exf5 $14) 18. exf5 (18.
dxe6 Nxe6 19. g3 Nd6 $1) (18. e5 d6 (18... exd5 19. Bxf5 Rad8 20. cxd5 Nxd5 21.
Be4 $16) 19. dxe6 Nxe6 20. Bxf5 Nxf4 21. e6 Ne5 22. Nxe5 dxe5 $13) 18... exd5
19. Ne5 d6 $5 (19... dxc4 20. Be2 Qh6 21. Nxd7 Be4 22. Qd2 Nb5 23. Bc1 Nbd6 $14
) 20. Be2 Qh4 21. Nxf7 Kxf7 22. Qd1 $1 Qf6 (22... Kg8 23. cxd5 $16) 23. Bh5+ g6
24. fxg6+ hxg6 25. Bg4 (25. f5 gxh5 26. Qxh5+ Kg8 $17) 25... Rxe1 26. Qxe1 dxc4
(26... Re8 27. Qg3 dxc4 28. f5 $16) 27. f5 g5 28. Bh5+ Kg7 29. Bc1 Rh8 30. Qe2
(30. Bxg5 Qxg5 31. f6+ Kh6 32. g4 Qe5 33. Qd2+ Kh7 $17) 30... Nd5 31. Qg4 Nxc3
32. Bxg5 (32. Bb2 $5 Qd4+ 33. Rf2 Kf8 34. Qxg5 Qxf2+ 35. Kxf2 Ne4+ 36. Kf1 Nxg5
37. Bxh8 $13) 32... Qd4+ 33. Qxd4+ (33. Kh1 Qxg4 34. f6+ Kf8 35. Bxg4 Ne4 $17)
33... cxd4 34. f6+ Kf8 35. Bg6 (35. g4 d3 36. Re1 Ne4 $17) 35... Be4 $1 36.
Bxe4 Nxe4 37. h4 Kf7 38. g4 c3 0-1

[Event "Bern zt"]
[Site "Bern"]
[Date "1990.??.??"]
[Round "6"]
[White "Rechlis, Gad"]
[Black "Brunner, Lucas"]
[Result "1-0"]
[WhiteElo "2470"]
[BlackElo "2525"]
[Annotator "Ftacnik,L"]
[PlyCount "119"]
[EventDate "1990.01.??"]
[EventType "tourn"]
[EventRounds "15"]
[EventCountry "SUI"]
[EventCategory "9"]
[SourceTitle "CBM 017"]
[Source "ChessBase"]
[SourceDate "1990.08.01"]
[SourceVersion "1"]
[SourceVersionDate "1990.08.01"]
[SourceQuality "1"]

1. d4 Nf6 2. c4 e6 3. Nc3 Bb4 4. e3 b6 5. Bd3 Bb7 6. Nf3 Ne4 7. O-O Bxc3 8.
bxc3 f5 9. d5 $5 {N} (9. Ne1 O-O 10. f3) 9... Nc5 10. Ba3 Nba6 11. Re1 O-O 12.
e4 fxe4 13. Bxe4 Rf4 14. Bc2 Rxc4 15. Ne5 Rxc3 16. Bxh7+ Kxh7 17. Qh5+ Kg8 18.
Bb2 Qf6 (18... Na4 19. Bxc3 Nxc3 20. Qf7+ Kh8 21. Re3 $18) (18... Rc2 19. Qf7+
Kh7 20. Re3 $18) 19. Bxc3 Bxd5 20. Ng6 Qxc3 21. Ne7+ Kf8 22. Nxd5 g6 (22...
exd5 23. Qh8+ Kf7 24. Qxa8 $18) 23. Qxg6 Qg7 (23... exd5 24. Qf5+ Kg8 25. Qxd5+
Kh8 26. Qxa8+ $18) 24. Nf4 Qxg6 25. Nxg6+ Kg7 26. Ne5 Nb4 27. Re2 d6 28. a3 $1
Nd5 29. Nc6 a6 30. Rf1 Rf8 31. g3 Nc3 32. Re3 Nd5 33. Re2 Nc3 34. Ree1 e5 35.
Kg2 Kf6 36. Re3 Nd5 37. Rf3+ Kg7 38. Rxf8 Kxf8 39. h4 a5 40. Kh3 Nc3 41. h5 Kg7
42. f4 e4 43. Nd4 Nd3 44. f5 Ne5 45. g4 e3 46. f6+ Kf8 47. g5 e2 48. Re1 c5 49.
Nxe2 Ne4 50. g6 Nxf6 51. Ng3 c4 52. Rf1 Kg7 53. Nf5+ Kg8 54. Kh4 c3 55. Nd4 Ne4
56. Ne6 Nd7 57. h6 c2 58. Rg1 Nef6 59. Rc1 Nc5 60. Rxc2 {Ftacnik,L} (60. Rxc2
Nxe6 61. Rc8+ Nf8 62. g7 N6h7 63. gxf8=Q+ Nxf8 64. h7+ $18) 1-0